000 01081nam a2200301 i 4500
001 7525
003 ES-MaACL
005 20240223063021.0
007 t|
008 910128s1979 ve |||| | spa d
020 _a84-660-0033-X
080 _a9(85)
080 _a308(85)
100 1 _aMariátegui, José Carlos,
_d1894-1930
_976693
245 1 0 _a7 ensayos de interpretación de la realidad peruana /
_cJosé Carlos Mariátegui ; prólogo, Aníbal Quijano ; notas y cronología, Elizabeth Garrels.
246 3 _aSiete ensayos de interpretación de la realidad peruana
260 _aCaracas :
_bBiblioteca Ayacucho,
_c1979.
300 _aXC, 335 p. ;
_c23 cm.
490 1 _aBiblioteca Ayacucho ;
_v69
651 4 _aPerú-
_xCivilización.
_99221
651 4 _aPerú-
_xSituación económica.
_9167836
651 4 _aPerú-
_xSituación social.
_99232
700 1 _aQuijano, Aníbal.
_994616
700 1 _aGarrels, Elizabeth.
_955651
830 0 _aBiblioteca Ayacucho ;
_v69
_9177888
852 _aES-MaACL
_jL-14738
_z- Enc. cart.
999 _c7525
_d7525